Online
Catalog

Fire and fury : (Record no. 57243)

MARC details
000 -CABECERA
campo de control de longitud fija 02317nam a2200265 i 4500
003 - IDENTIFICADOR DEL NÚMERO DE CONTROL
campo de control DO-SdBNP
005 - FECHA Y HORA DE LA ÚLTIMA TRANSACCIÓN
campo de control 20240710135811.0
007 - CAMPO FIJO DE DESCRIPCIÓN FÍSICA--INFORMACIÓN GENERAL
campo de control de longitud fija ta
008 - DATOS DE LONGITUD FIJA--INFORMACIÓN GENERAL
campo de control de longitud fija 240710b2018 xxu 00| 0 spa d
020 ## - NÚMERO INTERNACIONAL ESTÁNDAR DEL LIBRO
Número Internacional Estándar del Libro 9781250158062
040 ## - FUENTE DE LA CATALOGACIÓN
Centro catalogador/agencia de origen DO-SdBNP
Lengua de catalogación spa
Centro/agencia transcriptor BNPHU
Normas de descripción rda
082 #4 - NÚMERO DE LA CLASIFICACIÓN DECIMAL DEWEY
Número de edición 22
Número de documento/Ítem W855
100 1# - ENTRADA PRINCIPAL--NOMBRE DE PERSONA
Nombre de persona Wolff, Michael
9 (RLIN) 10906
Término indicativo de función/relación autor
245 10 - MENCIÓN DE TÍTULO
Título Fire and fury :
Resto del título inside the Trump white house /
Mención de responsabilidad, etc. Michael Wolff
264 ## - PRODUCCIÓN, PUBLICACIÓN, DISTRIBUCIÓN, FABRICACIÓN Y COPYRIGHT
Producción, publicación, distribución, fabricación y copyright New York, Estados Unidos :
Nombre del de productor, editor, distribuidor, fabricante Henry Holt and company,
Fecha de producción, publicación, distribución, fabricación o copyright 2018.
300 ## - DESCRIPCIÓN FÍSICA
Extensión 321 páginas :
Dimensiones 21 cm.
336 ## - TIPO DE CONTENIDO
Fuente rdacontent
Término de tipo de contenido texto
Código de tipo de contenido txt
337 ## - TIPO DE MEDIO
Fuente rdamedia
Nombre/término del tipo de medio sin mediación
Código del tipo de medio nc
338 ## - TIPO DE SOPORTE
Fuente rdacarrier
Nombre/término del tipo de soporte volumen
Código del tipo de soporte nc
500 ## - NOTA GENERAL
Nota general Incluye índice.
520 ## - SUMARIO, ETC.
Sumario, etc. Con acceso extraordinario al ala oeste, Michael Wolff revela lo que sucedió detrás de escena en los primeros nueve meses de la presidencia más controvertida de nuestro tiempo en Fuego y Furia: Dentro de la Casa Blanca de Trump.<br/><br/>Desde que Donald Trump prestó juramento como el 45º presidente de los Estados Unidos, el país –y el mundo– ha sido testigo de un mandato presidencial tormentoso, escandaloso y absolutamente fascinante que refleja la volatilidad y la ferocidad del hombre elegido Comandante en Jefe.<br/><br/>Este fascinante y explosivo relato de la administración de Trump proporciona una gran cantidad de nuevos detalles sobre el caos en la Oficina Oval, que incluyen:<br/>-- Lo que el personal del presidente Trump realmente piensa de él<br/>-- ¿Qué inspiró a Trump a afirmar que el presidente Obama había intervenido sus teléfonos?<br/>-- Por qué el director del FBI, James Comey, fue realmente despedido<br/>-- Por qué el estratega jefe Steve Bannon y el yerno de Trump, Jared Kushner, no podían estar en la misma habitación<br/>-- ¿Quién dirige realmente la estrategia de la administración Trump tras el despido de Bannon?<br/>-- Cuál es el secreto para comunicarse con Trump<br/>-- Lo que la administración Trump tiene en común con la película The Producers<br/><br/>Nunca antes en la historia una presidencia había dividido tanto al pueblo estadounidense. Brillantemente reportado y sorprendentemente fresco, Fuego y furia nos muestra cómo y por qué Donald Trump se ha convertido en el rey de la discordia y la desunión.<br/>
590 ## - NOTA LOCAL (RLIN)
Nota local Inventariado, 2024/ YL
910 ## - DATOS DE OPCIÓN DEL USUARIO (OCLC)
Datos de opción del usuario Ylockward
942 ## - ELEMENTOS DE PUNTO DE ACCESO ADICIONAL (KOHA)
Fuente del sistema de clasificación o colocación Dewey Decimal Classification
Tipo de ítem Koha Libro
Holdings
Estado de retiro Estado de pérdida Fuente del sistema de clasificación o colocación Restricciones de uso No para préstamo Código de colección Localización permanente Ubicación/localización actual Ubicación en estantería Fecha de adquisición Fuente de adquisición Total de préstamos Signatura topográfica completa Código de barras Fecha visto por última vez Precio válido a partir de Tipo de ítem Koha
    Dewey Decimal Classification Préstamo en sala   General Biblioteca Nacional Pedro Henríquez Ureña Biblioteca Nacional Pedro Henríquez Ureña En catalogación 01.04.2022 Donación   W855 2024-4321 10.07.2024 10.07.2024 Libro

Powered by Koha